Coming out / (Record no. 234660)

000 -LEADER
fixed length control field 01698cam a2200349 a 4500
001 - CONTROL NUMBER
control field 13914270
003 - CONTROL NUMBER IDENTIFIER
control field Nust
005 - DATE AND TIME OF LATEST TRANSACTION
control field 20170329115726.0
008 - FIXED-LENGTH DATA ELEMENTS--GENERAL INFORMATION
fixed length control field 050329s2006 nyu 000 1 eng
010 ## - LIBRARY OF CONGRESS CONTROL NUMBER
LC control number 2005045491
020 ## - INTERNATIONAL STANDARD BOOK NUMBER
International Standard Book Number 9780440242079
035 ## - SYSTEM CONTROL NUMBER
System control number (OCoLC)ocm58919953
040 ## - CATALOGING SOURCE
Original cataloging agency DLC
Transcribing agency DLC
Modifying agency IG#
-- BAKER
-- HHO
-- OCO
-- JZ6
-- VP@
-- NSB
-- UWC
-- IXA
-- DLC
043 ## - GEOGRAPHIC AREA CODE
Geographic area code n-us-ny
050 00 - LIBRARY OF CONGRESS CALL NUMBER
Classification number PS3569.T33828
Item number C66 2006
082 00 - DEWEY DECIMAL CLASSIFICATION NUMBER
Classification number 813.54
Author Mark STE
100 1# - MAIN ENTRY--PERSONAL NAME
Personal name Steel, Danielle.
245 10 - TITLE STATEMENT
Title Coming out /
Statement of responsibility, etc. Danielle Steel.
260 ## - PUBLICATION, DISTRIBUTION, ETC.
Place of publication, distribution, etc. New York :
Name of publisher, distributor, etc. Delacorte Press,
Date of publication, distribution, etc. 2006.
300 ## - PHYSICAL DESCRIPTION
Extent 191 p. ;
Dimensions 22 cm.
520 ## - SUMMARY, ETC.
Summary, etc. When Olympia Rubinstein's twin daughters are invited to a debutante ball, chaos erupts. One twin and Olympia's ex-husband are anxious to go, while the other twin and Olympia's current husband refuse to go.
650 #0 - SUBJECT ADDED ENTRY--TOPICAL TERM
Topical term or geographic name entry element Twins
Form subdivision Fiction.
650 #0 - SUBJECT ADDED ENTRY--TOPICAL TERM
Topical term or geographic name entry element Debutante balls
Geographic subdivision New York (State)
-- New York
Form subdivision Fiction.
650 #0 - SUBJECT ADDED ENTRY--TOPICAL TERM
Topical term or geographic name entry element Coming out (Sexual orientation)
Form subdivision Fiction.
655 #0 - INDEX TERM--GENRE/FORM
Genre/form data or focus term Domestic fiction.
856 42 - ELECTRONIC LOCATION AND ACCESS
Materials specified Contributor biographical information
Uniform Resource Identifier <a href="http://www.loc.gov/catdir/enhancements/fy0633/2005045491-b.html">http://www.loc.gov/catdir/enhancements/fy0633/2005045491-b.html</a>
856 42 - ELECTRONIC LOCATION AND ACCESS
Materials specified Publisher description
Uniform Resource Identifier <a href="http://www.loc.gov/catdir/enhancements/fy0633/2005045491-d.html">http://www.loc.gov/catdir/enhancements/fy0633/2005045491-d.html</a>
856 41 - ELECTRONIC LOCATION AND ACCESS
Materials specified Sample text
Uniform Resource Identifier <a href="http://www.loc.gov/catdir/enhancements/fy0668/2005045491-s.html">http://www.loc.gov/catdir/enhancements/fy0668/2005045491-s.html</a>
906 ## - LOCAL DATA ELEMENT F, LDF (RLIN)
a 7
b cbc
c orignew
d 1
e ocip
f 20
g y-gencatlg
942 ## - ADDED ENTRY ELEMENTS (KOHA)
Source of classification or shelving scheme
Koha item type Book
Holdings
Withdrawn status Lost status Source of classification or shelving scheme Damaged status Not for loan Permanent Location Current Location Shelving location Date acquired Total Checkouts Total Renewals Full call number Barcode Date last seen Copy number Price effective from Koha item type
          Central Library (CL) Central Library (CL) Fiction 03/29/2017   1 813.54 STE CL1135 05/27/2024 1 03/29/2017 Book
© 2023 Central Library, National University of Sciences and Technology. All Rights Reserved.